000 01035cab a22002055a 4500
001 L149720
008 100414s20100403xxk 000 0 eng d
035 _a(Sirsi) u149720
041 0 _aeng
100 1 _aGardner, Robert
245 0 0 _aSighs of relief all round
260 _c2010
490 _aEstates Gazette
_v(1013) 3 April 2010, 80(1)
520 _aOccupiers facing increases in non-domestic rates following Rating Revaluation 2010 effective from 1 April 2010 can claim relief including rural rates, empty rates and hardship. Explains how a specialist rating surveyor can assist with appealing the rateable value. Outlines the three valuation methods available including comparative, proftis methods and contractors test.
520 _aRICS rating helpline offers half an hour of free advice from a local rating surveyor. Contact RICS Contact Centre +44 (0)870 333 1600.
590 _aKA
651 4 _aENGLAND AND WALES
690 _aPROPERTY-COMMERCIAL PROPERTY-COMMERCIAL PROPERTY TAXATION-BUSINESS RATES
942 _n0
999 _c82263
_d82263